[Event "81st ARM-ch 2021"]
[Site "Yerevan"]
[Date "2021.02.26"]
[Round "10.6"]
[White "Martirosyan, Haik M."]
[Black "Andriasian, Zaven"]
[Result "1-0"]
[WhiteElo "2622"]
[BlackElo "2606"]
[Annotator "TA"]
[PlyCount "129"]
[EventDate "2021.02.16"]
[EventType "tourn"]
[EventCountry "ARM"]
[SourceTitle "playchess.com"]
[Source "ChessBase"]
[SourceQuality "1"]

{[%evp 21,129,10,27,25,10,6,26,11,7,18,9,0,46,8,12,0,29,0,16,0,0,0,0,0,0,0,0,4,7,8,8,11,10,18,6,34,47,33,28,6,23,10,20,22,41,24,27,24,19,19,24,23,25,24,22,31,25,18,22,12,24,8,32,20,22,22,52,50,49,52,72,50,222,245,231,229,226,143,173,167,554,531,459,461,29972,29973,29970,29972,29955,29948,29976,29974,29976,29977,29976,29978,29978,29979,29976,29977,29984,29985,29985,29983,29995,29984,29984,29976,29985,29986]} 1. d4 d5 2. c4 c6 3. Nf3 Nf6 4. Nc3 dxc4 5. a4 Bf5 6. e3 e6 7. Bxc4 Bb4 8. O-O O-O 9. Qe2 Nbd7 10. e4 Bg6 11. Bd3 Re8 12. e5 {D19: Slav Defence: 5 a4 Bf5 6 e3: Main line with 9 Qe2.} Bxd3 13. Qxd3 Nd5 14. Nxd5 {White has an edge.} cxd5 15. Qb5 Be7 16. Bd2 {[#]} Rb8 $146 ({Predecessor:} 16... Nb6 17. b3 a6 18. Qd3 Nc8 19. Ne1 Na7 20. f4 f5 21. h3 Nc6 22. g4 Rf8 {1-0 (51) Beliavsky,A (2620)-Tregubov,P (2616) Grosseto Prugna 2014}) 17. Rfc1 (17. Ba5 $5 {[%cal Ra5d8]} Nb6 18. Rfc1 $14) 17... a6 18. Qd3 Nf8 19. a5 Qd7 20. Rc3 b6 21. Rb3 bxa5 22. Rxa5 Rxb3 23. Qxb3 Qc6 24. Qa4 (24. g3 {is more complex.} Rc8 25. Qd3 Ra8 26. Kg2 Qb7 27. b4) 24... Qxa4 25. Rxa4 Rb8 26. Bc3 Rb6 27. Ne1 Nd7 28. Nd3 f6 29. exf6 gxf6 30. g4 Kf7 31. f4 Bd6 32. Kf2 Kg6 33. Kf3 h5 34. f5+ exf5 35. gxh5+ Kxh5 36. Ra5 Bxh2 37. Rxd5 Nf8 38. Rxf5+ Kg6 39. Ra5 Ne6 40. Ke4 Nc7 41. Nc5 Bd6 (41... f5+ {looks sharper.} 42. Kd3 Kg5 43. Ne4+ Kg4 44. Nd2 Bf4) 42. Ra1 Bxc5 43. dxc5 $11 {[%mdl 4096] Endgame KRB-KRN} Rc6 44. Kd4 Kf7 45. Kc4 Ne6 $1 46. Bb4 Ke7 $2 {Black cannot hold the game after this.} (46... Nf4 $14) 47. Rh1 $1 $18 Nc7 48. Ba5 Ke6 49. Rh4 Nb5 50. Re4+ Kd7 $2 {[#]} (50... Kf5 51. Re2 Re6) 51. Kd5 $1 Rc8 52. Rh4 Nc7+ (52... Re8 $18 53. c6+ Kc8) 53. Bxc7 {White mates.} Kxc7 {KR-KR} 54. Rh7+ Kb8 {[#]} 55. c6 $1 Rg8 56. Kc5 Rg4 57. b4 Rg5+ 58. Kd6 Rg8 59. b5 axb5 60. Kc5 Ka8 61. Kb6 Rb8+ 62. Ka6 {[%csl Ga6][%cal Rh7a7]} Rc8 63. Ra7+ Kb8 64. Rb7+ {[%mdl 64] Double Attack} Ka8 65. c7 {[%csl Ga6][%cal Rb7a7] Weighted Error Value: White=0.06/Black=0.31} 1-0

[Event "81st ARM-ch 2021"]
[Site "Yerevan"]
[Date "2021.02.28"]
[Round "11.1"]
[White "Andriasian, Zaven"]
[Black "Gharibyan, Mamikon"]
[Result "0-1"]
[WhiteElo "2606"]
[BlackElo "2423"]
[Annotator "TA"]
[PlyCount "72"]
[EventDate "2021.02.16"]
[EventType "tourn"]
[EventCountry "ARM"]
[SourceTitle "playchess.com"]
[Source "ChessBase"]
[SourceQuality "1"]

{[%evp 9,72,27,24,13,31,29,39,0,7,0,4,-18,-24,-47,0,-8,0,13,30,-47,-47,-71,-77,-208,-206,-227,-217,-269,-276,-283,-284,-272,-289,-252,-289,-268,-286,-285,-287,-398,-315,-315,-315,-315,-315,-315,-317,-318,-323,-375,-374,-408,-374,-425,-395,-410,-395,-425,-322,-470,-467,-1004,-1004,-1013,-1014]} 1. e4 c5 2. Nf3 Nc6 3. Bb5 g6 4. Bxc6 dxc6 5. d3 Qc7 6. h3 {B31: Sicilian: 2...Nc6 3 Bb5 g6.} e5 7. Be3 Nf6 8. Nc3 {White is slightly better.} Nh5 9. Qd2 {[#]} f6 $146 ({Predecessor:} 9... Be7 10. Ne2 f6 11. Qc3 b6 12. Bh6 g5 13. g4 Nf4 14. Nxf4 gxf4 15. g5 Kf7 {1-0 (32) Sargsyan,A (2405)-Barseghyan,A (2387) Jermuk 2020}) 10. g4 Ng7 11. g5 f5 12. exf5 gxf5 13. Qe2 Ne6 14. Nh4 (14. O-O-O $1 $11) 14... f4 $36 {[%mdl 2048] Black is pushing.} 15. Qh5+ Qf7 16. g6 {White does not recover from this.} Qg7 $19 17. Bd2 {[#]} Nd4 $1 {[%cal Rd4c2]} 18. O-O-O hxg6 19. Qxg6+ Qf7 20. Ne4 {[#]} Be7 ({Worse is} 20... Rxh4 21. Nf6+ Ke7 22. Ng8+ Ke8 23. Nf6+ Ke7 24. Ng8+ Ke8 25. Nf6+ Ke7 $11) 21. Nd6+ Bxd6 22. Qxd6 Rxh4 23. Rde1 Nf3 24. Ba5 {[%csl Ga5][%cal Rd6d8]} Bd7 25. Rxe5+ Nxe5 26. Re1 {[#]} Rh5 27. Rxe5+ Rxe5 28. Qxe5+ Be6 29. Qxc5 Qf5 30. Qc3 Kf7 31. Bc7 Re8 32. b3 Bd5 33. Qb4 Qf6 {( -> ...Qa1+)} 34. d4 (34. Qxf4 $142 Qxf4+ 35. Bxf4) 34... Qe7 {Black is clearly winning.} 35. Qxb7 (35. Qxe7+ $142 Rxe7 36. Be5) 35... Qd7 36. Qxa7 Re7 {Weighted Error Value: White=0.45/Black=0.11} 0-1

[Event "81st ARM-ch 2021"]
[Site "Yerevan"]
[Date "2021.02.28"]
[Round "11.2"]
[White "Pashikian, Arman"]
[Black "Martirosyan, Haik M."]
[Result "1/2-1/2"]
[WhiteElo "2606"]
[BlackElo "2622"]
[Annotator "TA"]
[PlyCount "108"]
[EventDate "2021.02.16"]
[EventType "tourn"]
[EventCountry "ARM"]
[SourceTitle "playchess.com"]
[Source "ChessBase"]
[SourceQuality "1"]

{[%evp 20,108,4,4,15,0,10,0,0,0,0,-31,-18,-50,-43,-66,-76,-53,-19,-28,-21,-12,-18,-44,-35,-55,-69,-140,-77,-77,-77,-77,-77,-77,-77,-73,-73,-73,-77,-88,-88,-81,-67,-71,-72,-118,0,0,0,0,0,0,0,0,0,0,0,0,0,0,0,0,0,0,0,0,0,0,0,0,0,0,0,0,0,0,0,0,0,0,0,0,0,0,0,0,0,0,0,0,0]} 1. d4 Nf6 2. c4 e6 3. Nf3 b6 4. g3 Ba6 5. b3 Bb4+ 6. Bd2 Be7 7. Bg2 O-O 8. O-O d5 9. cxd5 exd5 10. Ne5 Bb7 11. Nc3 Re8 {E15: Queen's Indian: 4 g3 sidelines, 4 g3 Ba6 and 4 g3 Bb7 early deviations.} 12. Qc2 Nbd7 {[%cal Bb8d7,Bd7f8,Bf8e6][%mdl 32]} 13. Rad1 h6 {[#]} 14. Bf4 $146 ({Predecessor:} 14. Nb5 c5 15. Bf4 Nf8 16. dxc5 Bxc5 17. Nd3 Ba6 18. Nc7 Rc8 19. b4 Bd4 20. Qa4 {0-1 (69) Bluebaum,M (2643)-Bosiocic,M (2619) Heraklion 2017}) 14... Nf8 15. Nb5 Ne6 16. Nc6 Qd7 17. Rc1 Nxf4 18. gxf4 a6 {[#] aiming for ...Bxc6.} 19. Nxe7+ Rxe7 20. Nc3 ({Not} 20. Nxc7 $2 Rc8 $19) 20... Rc8 21. Rfd1 c5 22. dxc5 Rxc5 {And now ...Qg4 would win.} 23. Qd3 (23. Qd2 $15) 23... Qc8 (23... Qg4 $142 {Strongly threatening ...Rec7.} 24. Qd4 Rec7) 24. Nxd5 $17 Nxd5 25. Rxc5 bxc5 26. Bxd5 Qg4+ 27. Qg3 Qxe2 {[%mdl 64] [#] Double Attack} 28. Qd3 Qg4+ 29. Kf1 Bxd5 ({Reject} 29... Qxf4 $6 30. Bxb7 Rxb7 31. Qxa6 $11) 30. Qxd5 {[%mdl 4096] Endgame KQR-KQR} Re6 {Hoping for ...Qe2+.} 31. Rd3 Qxf4 32. h3 Rg6 ({Black should play} 32... Qc1+ $17 33. Kg2 Rg6+ 34. Rg3 Rxg3+ 35. Kxg3 Qg1+ 36. Qg2 Qxg2+ 37. Kxg2 Kf8) 33. Qxc5 $11 {The position is equal.} Kh7 (33... Rf6 {feels hotter.} 34. Rd8+ Kh7 35. Qc2+ g6 36. Qb2 Qf3) 34. Qe3 Qh2 35. Qe4 Qg1+ 36. Ke2 Qb1 37. a4 $1 Qc2+ 38. Kf1 Qc1+ (38... Qb1+ {with more complications.} 39. Ke2) 39. Ke2 Qc8 40. Kf1 Kg8 41. Qc4 Qa8 42. Qd5 Qa7 43. Qd4 Qb7 44. Qd5 Qb4 45. Qf5 Qb8 46. Qa5 {Black must now prevent Rd8+.} Qf4 47. Qd2 Qe5 (47... Qf5 {is more complex.} 48. Rd8+ Kh7 49. Qd3 Qe5 50. Rd5 Qa1+) 48. Rd8+ Kh7 49. Rd5 Qa1+ (49... Qc7 {looks sharper.} 50. Qd3 Qc1+ 51. Qd1 Qb2 52. Qd3 Kg8) 50. Qd1 Qc3 51. Qd3 Qc1+ 52. Ke2 Qb2+ 53. Kf1 Qc1+ 54. Ke2 Qb2+ {Weighted Error Value: White=0.06/Black=0.06} 1/2-1/2

[Event "81st ARM-ch 2021"]
[Site "Yerevan"]
[Date "2021.02.28"]
[Round "11.3"]
[White "Ter-Sahakyan, Samvel"]
[Black "Petrosyan, Manuel"]
[Result "1/2-1/2"]
[WhiteElo "2640"]
[BlackElo "2628"]
[Annotator "TA"]
[PlyCount "37"]
[EventDate "2021.02.16"]
[EventType "tourn"]
[EventCountry "ARM"]
[SourceTitle "playchess.com"]
[Source "ChessBase"]
[SourceQuality "1"]

{[%evp 12,37,37,37,30,25,56,33,41,25,25,26,26,26,26,25,25,24,25,20,26,0,0,0,33,0,0,0]} 1. e4 e5 2. Nf3 Nc6 3. Bb5 a6 4. Ba4 Nf6 5. O-O Bc5 6. c3 b5 7. Bc2 d5 {C78: Ruy Lopez: Archangelsk and Möller Defences.} 8. d4 {[#] Threatens to win with exd5.} dxe4 {[%cal Re5d4]} 9. Nxe5 (9. Nbd2 {feels hotter.} exf3 10. Qxf3 Be7 11. Qxc6+ Bd7 12. Qf3) 9... Nxe5 {White is slightly better.} 10. dxe5 {10.dxc5 is more fashionable.} Qxd1 11. Rxd1 Ng4 {[%mdl 64] [#] Double Attack} 12. Bxe4 Nxf2 13. Bc6+ Ke7 14. Rd5 Bb6 15. Bxa8 {aiming for Bg5+.} Nd3+ $1 {[#]} 16. Kh1 $146 ({Predecessor:} 16. Kf1 Nxc1 17. Na3 Be6 18. Rxc1 Rxa8 19. Rd3 Bf5 20. Rdd1 Be3 21. Ra1 h5 22. g3 f6 23. Re1 Bd3+ 24. Kg2 Be4+ 25. Kh3 Bf5+ 26. Kg2 Be4+ 27. Kf1 {½-½ (27) Stevic,H (2587)-Brkic,A (2596) Pozega 2018}) 16... Nf2+ 17. Kg1 {Black must now prevent Rd4.} Nd3+ $1 18. Kh1 Nf2+ 19. Kg1 {Weighted Error Value: White=0.11/Black=0.00} 1/2-1/2

[Event "81st ARM-ch 2021"]
[Site "Yerevan"]
[Date "2021.02.28"]
[Round "11.4"]
[White "Petrosian, Tigran L."]
[Black "Gabuzyan, Hovhannes"]
[Result "0-1"]
[WhiteElo "2601"]
[BlackElo "2557"]
[Annotator "TA"]
[PlyCount "74"]
[EventDate "2021.02.16"]
[EventType "tourn"]
[EventCountry "ARM"]
[SourceTitle "playchess.com"]
[Source "ChessBase"]
[SourceQuality "1"]

{[%evp 18,74,22,31,30,14,47,47,61,66,81,80,125,67,79,79,69,60,70,90,84,28,28,30,22,24,32,28,36,-15,-7,-22,0,0,0,0,0,12,31,30,32,26,16,-31,67,0,-8,-20,0,-56,-49,-39,-27,-595,-302,-380,-371,-559,-580]} 1. e4 c5 2. Nf3 d6 3. d4 cxd4 4. Nxd4 Nf6 5. Nc3 a6 6. Be3 e5 7. Nf3 Qc7 8. a4 Be7 9. Be2 O-O 10. O-O Nbd7 {B90: Sicilian Najdorf: Unusual White 6th moves, 6 Be3 Ng4 and 6 Be3 e5.} 11. Nd2 {11.Nd2 scores better than 11.a5.} b6 12. Nc4 Bb7 {White is slightly better.} 13. f3 Rfd8 14. Bf2 Nc5 {[%cal Bd7c5,Bc5e6,Be6f4][%mdl 32]} 15. Ne3 (15. b4 $16 Ncd7 16. Qd2) 15... Ne6 $14 16. Bc4 Nf4 {[#]} 17. Qd2 $146 ({Predecessor:} 17. b3 Rac8 18. Kh1 d5 19. Ncxd5 N6xd5 20. Bxd5 Qc3 21. Nc4 Bxd5 22. exd5 Nxd5 23. Qe2 {½-½ (38) Firouzja,A (2685)-Sarana,A (2640) Konya 2019}) 17... d5 18. Ncxd5 ({Much weaker is} 18. exd5 Rd7 $11) (18. Nexd5 Qxc4 19. Nxe7+ Kf8 $15) 18... Bxd5 19. exd5 (19. Bxd5 $16 Rac8 20. c4) 19... Bc5 $11 20. Bb3 e4 {Strongly threatening ...exf3.} 21. Kh1 exf3 22. gxf3 Qc8 {Hoping for ...Qh3!} 23. Ng2 (23. Nc4 $14 N4xd5 24. Bxc5 bxc5 25. Rfe1) 23... N4xd5 {With the idea ...Ne3.} 24. Rad1 Qc7 {Threatens to win with ...Ne3!} 25. Bg3 Qe7 {And now ...Ne3 would win.} 26. Qe1 Qb7 27. Be5 Re8 {Black wants to play ...Bd6!} 28. Qg3 Nh5 29. Qg5 Ndf6 30. Bc3 Qc8 (30... Rad8 $15 31. Rxd8 Rxd8) 31. Qh4 (31. Nf4 $14 Nxf4 32. Qxf4 (32. Bxf6 Ng6 $14)) 31... Qf5 {White must now prevent ...g5.} 32. Bd4 Rad8 33. Qf2 ({White should try} 33. Bxc5 $11 Rxd1 34. Rxd1 bxc5 35. Rf1) 33... Rxd4 $15 34. Rxd4 h6 35. Rfd1 $2 {[%mdl 8192]} (35. Bc4 $11 {and White is okay.}) 35... Bxd4 36. Rxd4 {[#]} Ne4 $1 {[%cal Re4f2][%mdl 576] Pin} 37. Qh4 (37. Rxe4 $142 Rxe4 {[%mdl 64] Pin} 38. Ne3) 37... Qxf3 {[%cal Rf3f1] Weighted Error Value: White=0.52/Black=0.24} 0-1

[Event "81st ARM-ch 2021"]
[Site "Yerevan"]
[Date "2021.02.28"]
[Round "11.5"]
[White "Harutyunian, Tigran K."]
[Black "Hovhannisyan, Robert"]
[Result "1/2-1/2"]
[WhiteElo "2549"]
[BlackElo "2642"]
[Annotator "TA"]
[PlyCount "48"]
[EventDate "2021.02.16"]
[EventType "tourn"]
[EventCountry "ARM"]
[SourceTitle "playchess.com"]
[Source "ChessBase"]
[SourceQuality "1"]

{[%evp 13,48,25,18,22,17,16,25,20,17,17,17,20,27,27,28,22,36,29,31,24,69,16,49,17,26,7,12,11,33,29,21,25,39,33,35,15,12]} 1. d4 d5 2. Nf3 Nf6 3. c4 c6 4. e3 Bg4 5. h3 Bh5 6. Nc3 e6 7. g4 Bg6 8. Ne5 {D11: Slav Defence: 3 Nf3 sidelines and 3...Nf6 4 e3 Bg4.} Nbd7 9. Nxg6 hxg6 10. g5 {White has an edge.} Ne4 11. Nxe4 dxe4 12. h4 Bb4+ 13. Bd2 {[#]} Qe7 $146 ({Predecessor:} 13... Qa5 14. a3 Bxd2+ 15. Qxd2 Qxd2+ 16. Kxd2 f5 17. c5 Rd8 18. Kc3 e5 19. b4 exd4+ 20. exd4 {1-0 (44) So,W (2765)-Navara,D (2738) Saint Louis 2019}) 14. Qg4 Bxd2+ 15. Kxd2 e5 16. Kc2 O-O-O 17. Qxe4 (17. Rd1 $1 $14) 17... f5 $1 $11 {[%cal Rf5e4]} 18. gxf6 Qxf6 19. Rd1 {[%cal Ba1d1,Bd1d2,Bd2g2][%mdl 32]} exd4 20. exd4 Rde8 21. Qg4 Qxf2+ 22. Rd2 Qf5+ 23. Qxf5 gxf5 24. Rg2 Re4 {Weighted Error Value: White=0.11/Black=0.06} 1/2-1/2

[Event "81st ARM-ch 2021"]
[Site "Yerevan"]
[Date "2021.02.28"]
[Round "11.6"]
[White "Babujian, Levon"]
[Black "Sargsyan, Shant"]
[Result "1/2-1/2"]
[WhiteElo "2455"]
[BlackElo "2596"]
[Annotator "TA"]
[PlyCount "245"]
[EventDate "2021.02.16"]
[EventType "tourn"]
[EventCountry "ARM"]
[SourceTitle "playchess.com"]
[Source "ChessBase"]
[SourceQuality "1"]

{[%evp 15,245,12,24,38,36,32,9,0,2,26,32,0,0,0,0,-20,-18,-14,-7,-39,-29,-85,-88,-84,-76,-70,-77,-79,-78,-160,-163,-173,-68,-58,-54,-64,-51,-78,-67,-52,-15,-13,-13,-13,-12,-13,-13,-12,-16,-16,-16,-16,-16,-19,-20,-20,-3,0,0,0,0,0,6,0,7,4,8,5,6,0,12,12,14,13,17,12,8,0,0,0,39,39,34,35,36,36,44,24,42,41,49,49,64,61,58,58,53,30,64,63,61,58,58,58,58,57,57,56,55,56,53,19,8,8,33,33,27,8,8,0,0,0,0,0,8,0,0,0,0,0,8,8,8,8,8,0,0,0,0,0,58,58,58,0,0,0,0,0,0,0,0,0,0,0,0,0,0,0,0,0,0,0,0,0,0,0,0,0,0,0,0,0,0,0,0,0,0,0,0,0,0,0,0,0,0,0,0,0,0,0,0,0,0,0,0,0,0,0,0,0,0,0,0,0,0,0,8,0,0,0,0,0,0,0,0,0,0,0,0,0,0,0,0,0,0,0,0,0,0,0,0,0]} 1. d4 Nf6 2. c4 e6 3. Nf3 d5 4. Nc3 dxc4 5. e4 Bb4 6. Bg5 h6 7. Bxf6 Qxf6 8. Bxc4 c5 9. e5 {D39: Queen's Gambit Declined: Ragozin Defence with 5 Bg5 dxc4.} Qd8 10. O-O {10.d5 is not played anymore.} cxd4 11. Ne4 O-O 12. Qe2 Be7 13. Ng3 {[#]} b5 $146 ({Predecessor:} 13... Nc6 14. Qe4 g6 15. h4 Kg7 16. h5 g5 17. Nh2 Qc7 18. Bd3 Rh8 19. Ng4 Nb4 {1-0 (34) Ruck,R (2532)-Natsidis,C (2335) Panevezys 2017}) 14. Bxb5 Bb7 15. Rfd1 Qb6 16. Nxd4 Rd8 17. Nb3 Nc6 18. Rac1 (18. Nf1 $11) 18... Nb4 $17 19. a4 {a5 is the strong threat.} a6 20. Bc4 Rxd1+ 21. Rxd1 Qc6 {[%csl Gb7][%cal Rc6g2]} 22. f4 (22. Qf3 $142) 22... Rc8 ({Not} 22... Qxa4 23. f5 $11) 23. Rd4 Bc5 (23... Qxa4 $19 24. Kh1 Bf8) 24. Nxc5 $15 Qxc5 25. Qf2 Nc6 $1 {[%cal Rc6d4]} 26. Rd7 Qxc4 27. Rxb7 Qxa4 (27... Qd5 $5 {[%cal Rc6e5]} 28. Qf3 Qd4+ 29. Qf2 Qd1+ 30. Nf1 Qxa4 $15) 28. h3 Nd4 29. Kh2 $1 Rc2 30. Qe3 {[#]} Qc6 $1 {[%csl Gc2][%cal Rc6g2]} 31. Rb8+ Kh7 {[%csl Gc2][%cal Rc6g2]} 32. Qd3+ Nf5 $1 {[%csl Gc2][%cal Rc6g2]} 33. Ne4 Qc4 34. Qxc4 Rxc4 $11 {[%mdl 4096] Endgame KRN-KRN} 35. Nd6 {[%cal Rd6c4]} Rxf4 36. Nxf7 Ne3 37. Nd8 Rf2 38. Nxe6 Rxg2+ 39. Kh1 g5 40. Nd4 Rd2 {[#]} 41. e6 $1 {Hoping for e7.} Nd5 {[#]} (41... Rxd4 $2 42. e7 $18) 42. Rd8 $1 Nf6 ({Avoid the trap} 42... Rxd4 $2 43. e7 $18) (42... Rd1+ 43. Kg2) 43. Kg1 {Black must now prevent e7.} Kg6 44. e7 Kf7 45. Nc6 Re2 46. Rf8+ Kg7 47. Ra8 (47. Rc8 {with more complications.} Rc2 48. Rf8 Re2) 47... Rxb2 (47... a5 {feels hotter.} 48. Rxa5 Rxb2 49. Rf5 Re2 50. Ne5 Ne8) 48. e8=Q Nxe8 49. Rxe8 $14 {KRN-KR} h5 50. Nd4 {Threatens to win with Re7+.} Rd2 51. Ne2 Rd1+ 52. Kg2 Re1 53. Re3 g4 54. h4 {Strongly threatening Kf2.} Kf6 55. Re4 a5 56. Rf4+ Kg6 57. Ng3 {And now Rf5 would win.} Rb1 58. Rf5 Rb2+ 59. Kf1 Rb1+ 60. Ke2 Rb2+ 61. Kd1 a4 {aiming for ...a3.} 62. Ra5 ({Of course not} 62. Rxh5 a3 $11) 62... Rh2 63. Ra6+ Kf7 64. Nf5 g3 65. Nxg3 Rxh4 66. Ke2 Rh2+ 67. Kf3 h4 68. Ne4 Ra2 69. Kg4 (69. Ra7+ {keeps more tension.} Kg6 70. Kg4 h3 71. Kxh3 Kf5 72. Nc3) 69... a3 70. Kxh4 Ra1 71. Nc3 Ke7 72. Kg4 (72. Ra8 {is interesting.} Kd7 73. Kg3 Kc6 74. Kg2 Kc5 75. Ra4) 72... a2 73. Nxa2 Kd7 74. Kf4 Kc7 75. Ke4 Kb7 76. Ra3 Kb6 77. Kd4 Rd1+ (77... Rh1 $11) 78. Kc4 Rh1 79. Nc3 (79. Rb3+ $14 Kc7 80. Nc3) 79... Rh4+ $11 {The position is equal.} 80. Kd5 Rh5+ 81. Kd4 Rh4+ 82. Ne4 Rh1 83. Rc3 Rd1+ 84. Ke5 Re1 85. Rc2 Rh1 86. Nf6 Kb5 87. Rc3 Kb4 88. Nd5+ (88. Ne4 {is interesting.} Rh8 89. Kf6 Rg8 90. Kf5 Rf8+ 91. Kg4) 88... Kb5 89. Nf4 Rh8 90. Rc7 Kb6 91. Rc1 (91. Kd6 {feels hotter.} Rd8+ 92. Ke7 Rh8 93. Kd6) 91... Kb5 92. Kd4 Rh4 93. Rc5+ Kb4 94. Rc4+ Kb5 95. Kd5 Rh8 (95... Kb6 {seems wilder.} 96. Rc6+ Ka5 97. Nd3 Rh5+ 98. Kc4 Rh8) 96. Rc5+ (96. Rc1 {keeps more tension.} Ka4 97. Ra1+ Kb3 98. Rb1+ Ka3 99. Ra1+) 96... Kb4 97. Kd4 Rh4 98. Rf5 (98. Rc4+ {keeps more tension.}) 98... Rg4 99. Rf8 Kb5 100. Rf6 Rh4 101. Kd5 Rh1 102. Nd3 Rh5+ 103. Ne5 Rh1 104. Nf3 Rh5+ (104... Rh8 {keeps more tension.} 105. Ke6 Rd8 106. Rf5+ Kb4 107. Ke7 Rh8) 105. Kd4 Rh1 106. Kd5 (106. Ng1 {looks sharper.} Rh7 107. Ke5 Rh5+ 108. Kd6 Rh8 109. Kd7) 106... Rh5+ (106... Rh8 {is interesting.} 107. Ke6 Rd8 108. Rf5+ Kb4 109. Ke7 Rh8) 107. Ne5 Rh1 108. Rf3 Rd1+ 109. Nd3 Rd2 110. Ke4 Kc4 111. Ne5+ (111. Rf2 {feels hotter.} Rxd3 112. Rc2+ Rc3 113. Rxc3+ Kxc3 114. Ke3) 111... Kc5 112. Rc3+ Kb4 113. Rc1 (113. Rc6 {with more complications.} Rd8 114. Kf5 Rf8+ 115. Ke4 Ka4 116. Kd4) 113... Kb5 114. Nf3 Re2+ 115. Kd5 {White threatens Nd4+ and mate.} (115. Kd3 {is more complex.} Re8 116. Ra1 Rh8 117. Ke2 Re8+ 118. Kd1) 115... Re8 116. Rb1+ Ka4 117. Ne5 (117. Ne1 {seems wilder.} Rh8 118. Ke6 Rh6+ 119. Kd5 Rh8) 117... Rd8+ (117... Rc8 {keeps more tension.} 118. Ke4 Rc5 119. Rb6 Rc4+ 120. Nxc4) 118. Kc5 (118. Kc4 {feels hotter.} Rc8+ 119. Kd4 Rh8 120. Ke4 Rh5 121. Ng6) 118... Rc8+ 119. Nc6 Ka3 120. Rb6 Rh8 121. Kc4 Rh4+ 122. Nd4 Ka2 123. Rg6 {Weighted Error Value: White=0.06/Black=0.07} 1/2-1/2